000 00466nam a2200181Ia 4500
003 GCL
008 140319s9999 xx 000 0 eng d
040 _aGCL /
_cGCL
082 0 4 _a853
_bP G
100 1 _aPASINETTI, P.M
245 1 0 _aGREAT ITALIAN SHORT STORIES /
_cPASINETTI, P.M
260 _a[S.N] :
_bDELL PUBLISHING CO ،
_c1959
300 _a412 P P
650 0 4 _aLITERATURE
650 0 4 _aSHORT STORIES
650 0 4 _aITALIAN LITERATURE
942 _2ddc
_cBK
999 _c11872
_d11872